Computer Networks (Record no. 7896)

MARC details
000 -LEADER
fixed length control field 00280nam a2200121Ia 4500
008 - FIXED-LENGTH DATA ELEMENTS--GENERAL INFORMATION
fixed length control field 191201s2014 xx 000 0 und d
100 ## - MAIN ENTRY--PERSONAL NAME
Personal name TANENBAUM,Andrew S
245 #0 - TITLE STATEMENT
Title Computer Networks
250 ## - EDITION STATEMENT
Edition statement IMP
260 ## - PUBLICATION, DISTRIBUTION, ETC. (IMPRINT)
Date of publication, distribution, etc 2014
Name of publisher, distributor, etc pearson
Place of publication, distribution, etc NEW DELHI
300 ## - PHYSICAL DESCRIPTION
Extent 804
942 ## - ADDED ENTRY ELEMENTS (KOHA)
Source of classification or shelving scheme Dewey Decimal Classification
Koha item type Text Books
Holdings
Withdrawn status Lost status Source of classification or shelving scheme Damaged status Not for loan Collection code Home library Current library Date acquired Source of acquisition Cost, normal purchase price Bill Number Total Checkouts Full call number Acc. no. / Barcode Date last seen Date last borrowed Actual Cost, discounted price Bill Date Koha item type
    Dewey Decimal Classification     BCA PIET C-LIBRARY PIET C-LIBRARY 28/11/2013 IBH, New Delhi 575.00 15830 2 004.6 TAC BC872 07/06/2023 25/05/2023 397.44 28/11/2013 Text Books

Design & Developed by: PIET Central Library
R70 Miles Stone Pattikalyana Samalkha Panipat 132102
mail ID :- [email protected], Phone No:- 0180-2569700 Ex.216